Knowledge commitment action : Against corruption in Asia and the Pacific: papers presented at the 5th Regional Anti-Corruption Conference of the ADB/OECD Anti-Corruption Initiative for Asia and the Pacific
Contents: Achievements and new challenges in the fight against corruption in Asia and the Pacific; The role of international organization and donors in the region's fight against corruption; How the business sector can contribute the fight against corruption...
Tallennettuna:
| Aineistotyyppi: | Kirja |
|---|---|
| Kieli: | Undetermined |
| Julkaistu: |
Manila
Asian Development Bank
2006
|
| Aiheet: | |
| Tagit: |
Lisää tagi
Ei tageja, Lisää ensimmäinen tagi!
|
| Thư viện lưu trữ: | Trung tâm Học liệu Trường Đại học Cần Thơ |
|---|
| LEADER | 00994nam a2200193Ia 4500 | ||
|---|---|---|---|
| 001 | CTU_189539 | ||
| 008 | 210402s9999 xx 000 0 und d | ||
| 082 | |a 364.1323 | ||
| 082 | |b K73 | ||
| 245 | 0 | |a Knowledge commitment action : | |
| 245 | 0 | |b Against corruption in Asia and the Pacific: papers presented at the 5th Regional Anti-Corruption Conference of the ADB/OECD Anti-Corruption Initiative for Asia and the Pacific | |
| 245 | 0 | |c ADB-OECD Anti-Corruption Initiative for Asia-Pacific, Asian Development Bank | |
| 260 | |a Manila | ||
| 260 | |b Asian Development Bank | ||
| 260 | |c 2006 | ||
| 520 | |a Contents: Achievements and new challenges in the fight against corruption in Asia and the Pacific; The role of international organization and donors in the region's fight against corruption; How the business sector can contribute the fight against corruption... | ||
| 650 | |a Political corruption,Tham nhũng | ||
| 904 | |i Giang | ||
| 980 | |a Trung tâm Học liệu Trường Đại học Cần Thơ | ||